000 00323nam a22001337a 4500
008 181030b xxu||||| |||| 00| 0 eng d
020 _a0721658059
041 _aeng
080 _a610.73
100 _a2
101 _aINF
245 _aMedical-Surgical Nursing A Psychophysiologic Approach
_cLuckmann,J
942 _2udc
_cBK
999 _c51143
_d51143